La politique commerciale de l'Allemagne / (Record no. 168008)

MARC details
000 -LEADER
campo de control de longitud fija 00726nam a22001815i 4500
001 - NÚMERO DE CONTROL
campo de control 168008
003 - IDENTIFICADOR DE NÚMERO DE CONTROL
campo de control ES-MaACL
005 - FECHA Y HORA DE LA ÚLTIMA TRANSACCIÓN
campo de control 20251004063218.0
008 - DATOS DE LONGITUD FIJA--INFORMACIÓN GENERAL
campo de control de longitud fija 011001s1895 fr |||| | fre d
040 ## - FUENTE DE CATALOGACIÓN
Centro catalogador/agencia de origen CCPB | B
Lengua de catalogación spa
Centro/agencia transcriptor CCPB | B
100 1# - ENTRADA PRINCIPAL--NOMBRE DE PERSONA
Nombre de persona Worms, Émile,
Fechas asociadas al nombre 1838-1918
9 (RLIN) 133966
245 13 - MENCIÓN DEL TÍTULO
Título La politique commerciale de l'Allemagne /
Mención de responsabilidad, etc. par Émile Worms.
260 ## - PUBLICACIÓN, DISTRIBUCIÓN, ETC.
Lugar de publicación, distribución, etc. Paris :
Nombre del editor, distribuidor, etc. Imprimerie et Librairie Générale de Jurisprudence Marchal et Billard, imprimeurs-éditeurs,
Fecha de publicación, distribución, etc. 1895 (
Lugar de fabricación/manufactura Macon :
Fabricante Protat Fréres, imprimeurs)
300 ## - DESCRIPCIÓN FÍSICA
Extensión 305 p. ;
Dimensiones 22 cm.
651 #4 - PUNTO DE ACCESO ADICIONAL DE MATERIA--NOMBRE GEOGRÁFICO
Nombre geográfico Alemania-
Subdivisión general Política comercial.
9 (RLIN) 137023
852 ## - LOCALIZACIÓN
Ubicación ES-MaACL
Número de control de estantería F-6548
Nota libre -- Enc. pasta española
condición física -- Falto de port.
Holdings
Estatus retirado Estado de pérdida Estado de daño No para préstamo Colección Biblioteca de origen Biblioteca actual Ubicación en estantería Fecha de adquisición Fuente de adquisición Total de préstamos Signatura topográfica completa Código de barras Visto por última vez Precio de reemplazo Tipo de ítem Koha
        Libros del s. XIX Biblioteca del Ateneo de Madrid Biblioteca del Ateneo de Madrid Depósito 2 17/01/2008     F-6548 1176257 23/02/2023 23/02/2023 Libro impreso antiguo